|
|
|
|
| LEADER |
02594nam a22004695i 4500 |
| 001 |
978-3-540-48841-5 |
| 003 |
DE-He213 |
| 005 |
20151204160922.0 |
| 007 |
cr nn 008mamaa |
| 008 |
100301s2007 gw | s |||| 0|eng d |
| 020 |
|
|
|a 9783540488415
|9 978-3-540-48841-5
|
| 024 |
7 |
|
|a 10.1007/978-3-540-48841-5
|2 doi
|
| 040 |
|
|
|d GrThAP
|
| 050 |
|
4 |
|a QB460-466
|
| 072 |
|
7 |
|a PHVB
|2 bicssc
|
| 072 |
|
7 |
|a SCI005000
|2 bisacsh
|
| 082 |
0 |
4 |
|a 523.01
|2 23
|
| 100 |
1 |
|
|a Lopes, Rosaly M. C.
|e author.
|
| 245 |
1 |
0 |
|a Io After Galileo
|h [electronic resource] :
|b A New View of Jupiter’s Volcanic Moon /
|c by Rosaly M. C. Lopes, John R. Spencer.
|
| 264 |
|
1 |
|a Berlin, Heidelberg :
|b Springer Berlin Heidelberg,
|c 2007.
|
| 300 |
|
|
|a XXIII, 374 p.
|b online resource.
|
| 336 |
|
|
|a text
|b txt
|2 rdacontent
|
| 337 |
|
|
|a computer
|b c
|2 rdamedia
|
| 338 |
|
|
|a online resource
|b cr
|2 rdacarrier
|
| 347 |
|
|
|a text file
|b PDF
|2 rda
|
| 490 |
1 |
|
|a Springer Praxis Books
|
| 505 |
0 |
|
|a A history of the exploration of Io -- A summary of the Galileo mission and its observations of Io -- Formation and early evolution of Io -- The interior of Io -- Ionian mountains and tectonics: Insights into what lies beneath Io’s lofty peaks -- Active volcanism: Effusive eruptions -- Plumes and their deposits -- Io’s surface composition -- Io’s atmosphere -- Io’s neutral clouds, plasma torus, magnetospheric interaction -- Outstanding questions and future explorations.
|
| 520 |
|
|
|a Jupiter’s moon Io is the Solar System’s most exotic satellite. Active volcanism on Io was discovered from observations by the Voyager 1 spacecraft in 1979, confirming a possibility suggested from theoretical studies of Io’s orbit. Our knowledge of Io’s volcanism, composition, and space environment were significantly increased as a result of observations by the Galileo spacecraft from 1996 through 2001. The end of the Galileo mission in 2003 makes this an ideal time to summarize the new results in a book as no book has ever been written about Jupiter’s volcanic moon, Io.
|
| 650 |
|
0 |
|a Physics.
|
| 650 |
|
0 |
|a Geophysics.
|
| 650 |
|
0 |
|a Astrophysics.
|
| 650 |
1 |
4 |
|a Physics.
|
| 650 |
2 |
4 |
|a Astrophysics and Astroparticles.
|
| 650 |
2 |
4 |
|a Geophysics/Geodesy.
|
| 700 |
1 |
|
|a Spencer, John R.
|e author.
|
| 710 |
2 |
|
|a SpringerLink (Online service)
|
| 773 |
0 |
|
|t Springer eBooks
|
| 776 |
0 |
8 |
|i Printed edition:
|z 9783540346814
|
| 830 |
|
0 |
|a Springer Praxis Books
|
| 856 |
4 |
0 |
|u http://dx.doi.org/10.1007/978-3-540-48841-5
|z Full Text via HEAL-Link
|
| 912 |
|
|
|a ZDB-2-PHA
|
| 950 |
|
|
|a Physics and Astronomy (Springer-11651)
|